| 000 | 00603nam a2200169 4500 | ||
|---|---|---|---|
| 001 | 139897 | ||
| 003 | ES-MaACL | ||
| 005 | 20230906195936.0 | ||
| 007 | t| | ||
| 008 | 070214s1977 sp r ||||1| spa d | ||
| 100 | 1 |
_aSchlunk, Helmut. _9104439 |
|
| 245 | 1 | 1 |
_a[Las iglesias palatinas de la capital del reino asturiano] _b: discurso del Dr. Helmut Schlunk en el acto de su investidura como Doctor Honoris Causa por la Universidad de Oviedo. |
| 260 |
_aOviedo : _bUniversidad, _c1977. |
||
| 300 |
_a11 p. ; _c24 cm. |
||
| 710 | 2 |
_aUniversidad de Oviedo. _97260 |
|
| 852 |
_aES-MaACL _j2103-F-33 _bR.95768 |
||
| 999 |
_c139897 _d139897 |
||